书目信息 |
| 题名: |
国家重点生态功能区县域生态环境质量监测评价与考核典型案例汇编
|
|
| 作者: | 柏仇勇 主编 ;生态环境部 编 | |
| 分册: | ||
| 出版信息: | 北京 中国环境出版集团 2018.12 |
|
| 页数: | 107页 | |
| 开本: | 23cm | |
| 丛书名: | ||
| 单 册: | ||
| 中图分类: | X321.2 | |
| 科图分类: | ||
| 主题词: | 县--xian--区域生态环境--环境质量评价--案例--中国 | |
| 电子资源: | ||
| ISBN: | 978-7-5111-3853-8 | |
| 000 | 01144nam0 2200253 450 | |
| 001 | 0100010550 | |
| 005 | 20190905093951.0 | |
| 010 | @a978-7-5111-3853-8@dCNY35.00 | |
| 100 | @a20190903d2018 em y0chiy50 ea | |
| 101 | 0 | @achi |
| 102 | @aCN@b110000 | |
| 105 | @aa z 000yy | |
| 106 | @ar | |
| 200 | 1 | @a国家重点生态功能区县域生态环境质量监测评价与考核典型案例汇编@Aguo jia zhong dian sheng tai gong neng qu xian yu sheng tai huan jing zhi liang jian ce ping jia yu kao he dian xing an li hui bian@f生态环境部生态环境监测司编 |
| 210 | @a北京@c中国环境出版集团@d2018.12 | |
| 215 | @a107页@c彩图@d23cm | |
| 314 | @a书内题: 柏仇勇主编 | |
| 330 | @a本书通过开展国家重点生态功能区县域生态环境质量考核工作, 增强转移支付对重点生态功能区生态环境保护的促进作用, 提升重点生态功能区县域生态环境保护和管理水平, 改善县域生态环境质量和人居条件。 | |
| 606 | 0 | @a县@Axian@x区域生态环境@x环境质量评价@x案例@y中国 |
| 690 | @aX321.2@v5 | |
| 701 | 0 | @a柏仇勇@Abai chou yong@4主编 |
| 712 | 02 | @a生态环境部@Asheng tai huan jing bu@b生态环境监测司@Bsheng tai huan jing jian ce si@4编 |
| 801 | 0 | @aCN@c20190905 |
| 905 | @a河南城建学院图书馆@dX321.2@eB164 | |
| 国家重点生态功能区县域生态环境质量监测评价与考核典型案例汇编/生态环境部生态环境监测司编.-北京:中国环境出版集团,2018.12 |
| 107页:彩图;23cm |
| ISBN 978-7-5111-3853-8:CNY35.00 |
| 本书通过开展国家重点生态功能区县域生态环境质量考核工作, 增强转移支付对重点生态功能区生态环境保护的促进作用, 提升重点生态功能区县域生态环境保护和管理水平, 改善县域生态环境质量和人居条件。 |
| ● |
| 相关链接 |
|
|
|
正题名:国家重点生态功能区县域生态环境质量监测评
索取号:X321.2/B164
 
预约/预借
| 序号 | 登录号 | 条形码 | 馆藏地/架位号 | 状态 | 备注 |
| 1 | 1438403 | 214384030 | 自科库501/501自科库 95排1列3层/ [索取号:X321.2/B164] | 在馆 | |
| 2 | 1438404 | 214384049 | 自科库501/501自科库 95排1列3层/ [索取号:X321.2/B164] | 在馆 |